000 00295nam a22001337a 4500
008 171017b xxu||||| |||| 00| 0 eng d
020 _a 2900538754339
041 _aeng
080 _a330.101.542
100 _a52
101 _aMIK
245 _aMICROECONOMICS
_cGWARTNEY,J.D
942 _2udc
_cBK
999 _c34480
_d34480